01361nam a2200277 a 4500001001000000005001700010008004100027041000800068044000700076084002000083100004500103245008700148260003400235300002200269500021000291500013500501500013300636500001100769546002400780650005200804650005600856650003400912650004500946700004200991740005001033BRCA_287820190320204018.0111208s1842----gw-a---###---#000-0dger-u ager agw a280b.F56c18421 aCervantes Saavedra, Miguel ded1547-161610aDer sinnreiche Junker Don Quixote von la Manchacvon Miguel de Cervantes Saavedra. aPforzheimbDennig Finckc1842 a2 v.bil.c25 cm. aContenido : v 1. Primera parte. Noticia sobre la vida y obra del autor. Advertencia del traductor. Introducción por H. Heine. Prólogo del autor. Texto. -- v 2. Segudna parte. Prólogo del autor. Texto aEdición : Aus dem spanischen Ibersetzt, mit dem Leben von Miguel Cervantes nach Viardot, und einer Einleitung von Heinrich Heine aReimpresión de la segunda edición descrita en el número anterior. Semipiel; lomeras decoradas con adornos Lúdovik Osterc aQM513B aTexto en : alemán14aNovela españolayÉpoca clásica, 1500-170014aLiteratura españolayÉpoca clásica, 1500-170014aNovela españolaySiglo XVII14aDon Quijote (Personaje ficticio)eNovela1 aViardot, Louisd1800-1883eBiógrafo0 aEl Ingenioso Hidalgo Don Quijote de la Mancha